00296nam a22001097a 4500020000600000082001800006100001100024245005400035260006800089300001500157650001400172 a  a 610.7346 CON aDarwin aChemistry in occupational Hygine and Environment  a Australiya bNorthern teritory university of Australiya c1987 aHard cover aChemistry